[Event "MSRCH16"]
[Site "?"]
[Date "2026.04.14"]
[Round "6.1"]
[White "Meszaros, Casey Ryan"]
[Black "Mazag, Martin"]
[Result "1-0"]
[BlackElo "1975"]
[WhiteElo "2204"]
[LiveChessVersion "1.4.8"]

1. e4 {[%clk 1:30:37]} c5 {[%clk 1:30:53]} 2. Nf3 {[%clk 1:30:51]} e6
{[%clk 1:31:19]} 3. b3 {[%clk 1:31:00]} d6 {[%clk 1:29:55]} 4. d4
{[%clk 1:30:18]} cxd4 {[%clk 1:30:17]} 5. Nxd4 {[%clk 1:30:37]} Nf6
{[%clk 1:30:02]} 6. Bd3 {[%clk 1:30:16]} Be7 {[%clk 1:29:20]} 7. Bb2
{[%clk 1:29:55]} Nbd7 {[%clk 1:28:30]} 8. Nd2 {[%clk 1:29:26]} a6
{[%clk 1:27:30]} 9. Qe2 {[%clk 1:27:25]} Qc7 {[%clk 1:27:12]} 10. c4
{[%clk 1:25:02]} O-O {[%clk 1:26:42]} 11. O-O {[%clk 1:24:27]} b6
{[%clk 1:24:39]} 12. Rae1 {[%clk 1:21:17]} Bb7 {[%clk 1:24:20]} 13. f4
{[%clk 1:09:48]} Nc5 {[%clk 1:13:35]} 14. e5 {[%clk 1:04:45]} Nfd7
{[%clk 1:07:26]} 15. Bc2 {[%clk 0:58:08]} Nb8 {[%clk 0:49:27]} 16. b4
{[%clk 0:50:18]} Ncd7 {[%clk 0:49:16]} 17. Qg4 {[%clk 0:45:52]} Re8
{[%clk 0:39:10]} 18. Nxe6 {[%clk 0:42:20]} fxe6 {[%clk 0:39:28]} 19. exd6
{[%clk 0:42:01]} Nf6 {[%clk 0:38:52]} 20. Qxe6+ {[%clk 0:42:19]} 1-0

[Event "MSRCH16"]
[Site "?"]
[Date "2026.04.14"]
[Round "6.2"]
[White "Vasko, Matej"]
[Black "Simko, Jakub"]
[Result "1/2-1/2"]
[BlackElo "2025"]
[WhiteElo "2013"]
[LiveChessVersion "1.4.8"]

1. d4 {[%clk 1:30:52]} d5 {[%clk 1:30:49]} 2. Bf4 {[%clk 1:31:02]} Nf6
{[%clk 1:30:48]} 3. e3 {[%clk 1:31:22]} Bf5 {[%clk 1:29:55]} 4. c4
{[%clk 1:30:29]} c6 {[%clk 1:29:44]} 5. Nc3 {[%clk 1:29:36]} e6 {[%clk 1:29:47]}
6. Qb3 {[%clk 1:29:49]} Qb6 {[%clk 1:29:35]} 7. c5 {[%clk 1:30:13]} Qxb3
{[%clk 1:29:53]} 8. axb3 {[%clk 1:30:38]} Nbd7 {[%clk 1:29:55]} 9. b4
{[%clk 1:28:20]} a6 {[%clk 1:29:14]} 10. h3 {[%clk 1:07:00]} Rc8 {[%clk 1:28:09]}
11. Nf3 {[%clk 1:06:05]} Be7 {[%clk 1:26:03]} 12. Nd2 {[%clk 1:04:04]} Bd8
{[%clk 1:24:49]} 13. Nb3 {[%clk 1:00:46]} O-O {[%clk 1:20:12]} 14. Bd6
{[%clk 0:57:26]} Re8 {[%clk 1:19:43]} 15. Na5 {[%clk 0:57:00]} Bxa5
{[%clk 1:19:05]} 16. bxa5 {[%clk 0:56:59]} e5 {[%clk 1:17:51]} 17. Kd2
{[%clk 0:56:29]} exd4 {[%clk 1:14:54]} 18. exd4 {[%clk 0:56:46]} Nf8
{[%clk 1:10:36]} 19. Ra4 {[%clk 0:47:10]} Rcd8 {[%clk 1:08:43]} 20. Rb4
{[%clk 0:46:19]} Rd7 {[%clk 0:47:40]} 21. Bd3 {[%clk 0:41:34]} Bxd3
{[%clk 0:42:47]} 22. Kxd3 {[%clk 0:41:49]} Ne4 {[%clk 0:39:04]} 23. Nxe4
{[%clk 0:40:53]} Rxe4 {[%clk 0:39:20]} 24. Ra1 {[%clk 0:36:11]} Re8
{[%clk 0:38:20]} 25. Ra3 {[%clk 0:33:40]} Ne6 {[%clk 0:38:39]} 26. Kd2
{[%clk 0:33:01]} f6 {[%clk 0:37:09]} 27. Rab3 {[%clk 0:18:17]} Nd8
{[%clk 0:37:30]} 28. g4 {[%clk 0:17:34]} Kf7 {[%clk 0:29:33]} 1/2-1/2

[Event "MSRCH16"]
[Site "?"]
[Date "2026.04.14"]
[Round "6.3"]
[White "Ropovik, Samuel"]
[Black "Janoska, Peter"]
[Result "1/2-1/2"]
[BlackElo "1953"]
[WhiteElo "2072"]
[LiveChessVersion "1.4.8"]

1. e4 {[%clk 1:30:56]} e6 {[%clk 1:30:56]} 2. d4 {[%clk 1:31:17]} d5
{[%clk 1:31:17]} 3. e5 {[%clk 1:31:38]} c5 {[%clk 1:31:39]} 4. c3
{[%clk 1:31:58]} Nc6 {[%clk 1:31:58]} 5. Nf3 {[%clk 1:32:18]} Qb6
{[%clk 1:32:10]} 6. Bd3 {[%clk 1:32:37]} cxd4 {[%clk 1:30:59]} 7. cxd4
{[%clk 1:32:59]} Bd7 {[%clk 1:29:45]} 8. O-O {[%clk 1:33:05]} Nb4
{[%clk 1:26:37]} 9. Be2 {[%clk 1:31:28]} Bb5 {[%clk 1:19:58]} 10. Bxb5+
{[%clk 1:22:27]} Qxb5 {[%clk 1:20:21]} 11. Nc3 {[%clk 1:22:38]} Qb6
{[%clk 1:13:13]} 12. a3 {[%clk 1:08:26]} Nc6 {[%clk 1:09:25]} 13. b4
{[%clk 1:08:43]} Nge7 {[%clk 0:55:44]} 14. Qd3 {[%clk 0:52:26]} Ng6
{[%clk 0:39:02]} 15. h4 {[%clk 0:48:12]} Be7 {[%clk 0:34:54]} 16. g3
{[%clk 0:44:03]} Rc8 {[%clk 0:30:56]} 17. h5 {[%clk 0:39:17]} Nf8
{[%clk 0:30:09]} 18. h6 {[%clk 0:39:00]} g6 {[%clk 0:28:11]} 19. Ne2
{[%clk 0:35:34]} Nd7 {[%clk 0:25:43]} 20. Bg5 {[%clk 0:34:08]} Qd8
{[%clk 0:22:23]} 21. Bxe7 {[%clk 0:28:40]} Qxe7 {[%clk 0:19:06]} 22. Rac1
{[%clk 0:27:52]} O-O {[%clk 0:17:56]} 23. Qe3 {[%clk 0:25:31]} a6
{[%clk 0:13:55]} 24. Nh2 {[%clk 0:19:49]} Na7 {[%clk 0:13:17]} 25. Ng4
{[%clk 0:18:51]} Rxc1 {[%clk 0:12:13]} 26. Nxc1 {[%clk 0:19:00]} Nb5
{[%clk 0:11:38]} 27. a4 {[%clk 0:15:34]} Na7 {[%clk 0:11:46]} 28. Nd3
{[%clk 0:15:46]} b6 {[%clk 0:09:56]} 29. f4 {[%clk 0:15:04]} Rc8 {[%clk 0:08:39]}
30. Qd2 {[%clk 0:14:11]} Rc4 {[%clk 0:08:06]} 31. Qb2 {[%clk 0:13:55]} Nc6
{[%clk 0:07:38]} 32. Rc1 {[%clk 0:08:44]} Qd8 {[%clk 0:04:38]} 33. Rxc4
{[%clk 0:03:48]} dxc4 {[%clk 0:05:04]} 34. d5 {[%clk 0:02:09]} cxd3
{[%clk 0:04:09]} 35. dxc6 {[%clk 0:01:55]} Nb8 {[%clk 0:04:22]} 36. Nf6+
{[%clk 0:00:35]} Kh8 {[%clk 0:04:35]} 37. Ne4 {[%clk 0:00:32]} d2
{[%clk 0:03:02]} 38. Nxd2 {[%clk 0:00:32]} Nxc6 {[%clk 0:03:17]} 39. Qc3
{[%clk 0:00:32]} Qd4+ {[%clk 0:00:42]} 40. Qxd4 {[%clk 0:00:55]} Nxd4
{[%clk 0:01:06]} 41. Nc4 {[%clk 0:11:35]} b5 {[%clk 0:15:35]} 42. axb5
{[%clk 0:11:40]} axb5 {[%clk 0:11:46]} 43. Nd6 {[%clk 0:11:33]} Kg8
{[%clk 0:11:35]} 44. Kf2 {[%clk 0:09:32]} Nc6 {[%clk 0:11:32]} 45. Nxb5
{[%clk 0:08:51]} Nxb4 {[%clk 0:11:44]} 46. Nc3 {[%clk 0:08:14]} Nc6
{[%clk 0:10:13]} 47. Ne4 {[%clk 0:08:34]} Ne7 {[%clk 0:07:28]} 48. Nf6+
{[%clk 0:06:59]} Kh8 {[%clk 0:06:10]} 49. g4 {[%clk 0:07:21]} Ng8
{[%clk 0:02:19]} 50. g5 {[%clk 0:00:34]} Nxf6 {[%clk 0:02:00]} 51. gxf6
{[%clk 0:00:38]} Kg8 {[%clk 0:02:21]} 52. Ke3 {[%clk 0:00:51]} Kf8
{[%clk 0:02:47]} 53. Kd4 {[%clk 0:01:05]} Ke8 {[%clk 0:03:09]} 54. Kc4
{[%clk 0:00:35]} Kd8 {[%clk 0:01:12]} 55. Kb5 {[%clk 0:00:38]} Kd7
{[%clk 0:00:55]} 56. Kb6 {[%clk 0:00:38]} Kd8 {[%clk 0:01:01]} 57. Kb7
{[%clk 0:00:35]} Kd7 {[%clk 0:01:18]} 58. Kb8 {[%clk 0:00:51]} Kd8
{[%clk 0:01:37]} 59. Kb7 {[%clk 0:01:15]} Kd7 {[%clk 0:01:58]} 60. Kb6
{[%clk 0:01:37]} Kd8 {[%clk 0:02:18]} 61. Kb5 {[%clk 0:01:17]} Kd7
{[%clk 0:02:30]} 62. Kc5 {[%clk 0:01:22]} Kc7 {[%clk 0:02:54]} 63. Kb5
{[%clk 0:01:43]} Kb7 {[%clk 0:03:13]} 64. Kc5 {[%clk 0:02:07]} 1/2-1/2

[Event "MSRCH16"]
[Site "?"]
[Date "2026.04.14"]
[Round "6.4"]
[White "Mrazik, Lukas"]
[Black "Bilik, Matej"]
[Result "0-1"]
[BlackElo "2009"]
[WhiteElo "1929"]
[LiveChessVersion "1.4.8"]

1. e4 {[%clk 1:30:55]} e6 {[%clk 1:30:57]} 2. d4 {[%clk 1:31:17]} d5
{[%clk 1:31:22]} 3. Nd2 {[%clk 1:31:39]} Be7 {[%clk 1:31:32]} 4. Bd3
{[%clk 1:30:59]} c5 {[%clk 1:29:59]} 5. Ngf3 {[%clk 1:25:50]} Nf6
{[%clk 1:20:51]} 6. e5 {[%clk 1:25:07]} Nfd7 {[%clk 1:21:14]} 7. c3
{[%clk 1:25:30]} Nc6 {[%clk 1:20:33]} 8. Bc2 {[%clk 1:23:22]} Qc7
{[%clk 1:17:56]} 9. O-O {[%clk 1:22:15]} b6 {[%clk 1:16:51]} 10. Re1
{[%clk 1:21:04]} Bb7 {[%clk 1:09:10]} 11. Nf1 {[%clk 1:20:46]} h6
{[%clk 1:09:22]} 12. Ng3 {[%clk 1:16:26]} O-O-O {[%clk 1:01:44]} 13. a3
{[%clk 1:10:06]} c4 {[%clk 0:54:58]} 14. Nd2 {[%clk 0:55:35]} Na5
{[%clk 0:43:39]} 15. b4 {[%clk 0:52:16]} Nc6 {[%clk 0:41:01]} 16. a4
{[%clk 0:50:38]} Kb8 {[%clk 0:38:38]} 17. Ba3 {[%clk 0:48:42]} Rde8
{[%clk 0:35:45]} 18. Nh5 {[%clk 0:36:47]} g6 {[%clk 0:26:23]} 19. Ng7
{[%clk 0:27:44]} Reg8 {[%clk 0:26:45]} 20. Nxe6 {[%clk 0:24:49]} fxe6
{[%clk 0:27:04]} 21. b5 {[%clk 0:25:08]} Bxa3 {[%clk 0:27:19]} 22. bxc6
{[%clk 0:25:24]} Bb2 {[%clk 0:26:18]} 23. Rb1 {[%clk 0:23:51]} Bxc3
{[%clk 0:26:21]} 24. cxd7 {[%clk 0:21:12]} Qxd7 {[%clk 0:24:30]} 25. Re2
{[%clk 0:20:46]} Bxd4 {[%clk 0:23:03]} 26. Nxc4 {[%clk 0:20:41]} dxc4
{[%clk 0:23:22]} 27. Rd2 {[%clk 0:20:21]} Rd8 {[%clk 0:23:45]} 28. Rb4
{[%clk 0:18:04]} Bxf2+ {[%clk 0:24:05]} 0-1

[Event "MSRCH16"]
[Site "?"]
[Date "2026.04.14"]
[Round "6.5"]
[White "Jursa, Juraj"]
[Black "Bartelt, Tobias"]
[Result "0-1"]
[BlackElo "1830"]
[WhiteElo "2001"]
[LiveChessVersion "1.4.8"]

1. e4 {[%clk 1:30:56]} c5 {[%clk 1:30:54]} 2. Nf3 {[%clk 1:31:10]} Nc6
{[%clk 1:31:19]} 3. d4 {[%clk 1:31:34]} cxd4 {[%clk 1:31:45]} 4. Nxd4
{[%clk 1:31:56]} g6 {[%clk 1:32:10]} 5. Nc3 {[%clk 1:32:00]} Bg7 {[%clk 1:32:35]}
6. Be3 {[%clk 1:32:22]} Nf6 {[%clk 1:33:00]} 7. Bc4 {[%clk 1:32:37]} Qa5
{[%clk 1:33:24]} 8. O-O {[%clk 1:32:51]} O-O {[%clk 1:33:10]} 9. Nb3
{[%clk 1:32:31]} Qd8 {[%clk 1:33:05]} 10. f4 {[%clk 1:32:30]} d6 {[%clk 1:32:39]}
11. Be2 {[%clk 1:32:42]} Bd7 {[%clk 1:30:50]} 12. Bf3 {[%clk 1:31:58]} h5
{[%clk 1:21:36]} 13. h3 {[%clk 1:20:26]} Qc8 {[%clk 1:12:58]} 14. Kh2
{[%clk 1:15:53]} Kh7 {[%clk 1:10:42]} 15. Rg1 {[%clk 1:13:21]} Rh8
{[%clk 1:11:01]} 16. Qe2 {[%clk 0:55:53]} Kg8 {[%clk 1:10:45]} 17. Rad1
{[%clk 0:49:32]} Ng4+ {[%clk 1:08:13]} 18. hxg4 {[%clk 0:49:02]} hxg4+
{[%clk 1:08:38]} 19. Kg3 {[%clk 0:49:23]} gxf3 {[%clk 1:08:32]} 20. Qxf3
{[%clk 0:49:16]} Bf6 {[%clk 1:08:05]} 21. Rh1 {[%clk 0:48:36]} e5
{[%clk 0:47:46]} 22. Rxh8+ {[%clk 0:35:57]} Bxh8 {[%clk 0:48:05]} 23. Rxd6
{[%clk 0:28:07]} exf4+ {[%clk 0:48:14]} 24. Bxf4 {[%clk 0:28:21]} Ne5
{[%clk 0:48:22]} 25. Qd1 {[%clk 0:25:54]} Bg4 {[%clk 0:43:11]} 26. Qf1
{[%clk 0:16:11]} Bh5 {[%clk 0:41:51]} 27. Rd5 {[%clk 0:13:39]} Qg4+
{[%clk 0:41:57]} 28. Kh2 {[%clk 0:13:55]} Qh4+ {[%clk 0:42:04]} 29. Kg1
{[%clk 0:14:19]} Nf3+ {[%clk 0:40:51]} 30. gxf3 {[%clk 0:14:37]} Qxf4
{[%clk 0:41:15]} 31. Rd3 {[%clk 0:14:20]} Re8 {[%clk 0:34:31]} 32. Ne2
{[%clk 0:13:04]} Qc7 {[%clk 0:31:47]} 33. c3 {[%clk 0:13:08]} Re5
{[%clk 0:31:16]} 34. Qg2 {[%clk 0:10:51]} Qe7 {[%clk 0:30:57]} 35. Kf1
{[%clk 0:06:59]} Bf6 {[%clk 0:29:58]} 36. Nf4 {[%clk 0:05:15]} Rg5
{[%clk 0:28:27]} 37. Nd5 {[%clk 0:04:09]} Qe5 {[%clk 0:27:44]} 38. Nxf6+
{[%clk 0:04:25]} Qxf6 {[%clk 0:28:07]} 39. Qh3 {[%clk 0:03:29]} Bg4
{[%clk 0:27:18]} 40. Qh2 {[%clk 0:02:21]} Bxf3 {[%clk 0:26:45]} 41. Qf2
{[%clk 0:28:31]} Bg2+ {[%clk 0:56:38]} 42. Ke1 {[%clk 0:28:13]} Qxf2+
{[%clk 0:56:02]} 43. Kxf2 {[%clk 0:28:37]} Bxe4 {[%clk 0:56:28]} 44. Rd8+
{[%clk 0:28:31]} Kg7 {[%clk 0:56:41]} 45. Ke3 {[%clk 0:28:40]} Bb1
{[%clk 0:55:12]} 46. a3 {[%clk 0:28:11]} Rb5 {[%clk 0:55:16]} 47. Rd1
{[%clk 0:25:01]} Rxb3 {[%clk 0:54:16]} 48. Rxb1 {[%clk 0:25:29]} f5
{[%clk 0:54:20]} 49. Kd4 {[%clk 0:25:16]} Kf6 {[%clk 0:54:32]} 50. Kc4
{[%clk 0:25:11]} Rb6 {[%clk 0:54:58]} 51. b4 {[%clk 0:25:29]} g5 {[%clk 0:55:21]}
52. Kd4 {[%clk 0:25:31]} f4 {[%clk 0:55:35]} 53. c4 {[%clk 0:25:21]} Kf5
{[%clk 0:55:48]} 54. Re1 {[%clk 0:25:13]} f3 {[%clk 0:55:49]} 55. Re8
{[%clk 0:25:12]} f2 {[%clk 0:56:00]} 0-1

[Event "MSRCH16"]
[Site "?"]
[Date "2026.04.14"]
[Round "6.6"]
[White "Holecko, Samuel"]
[Black "Ondreicka, Roman"]
[Result "0-1"]
[BlackElo "1999"]
[WhiteElo "1812"]
[LiveChessVersion "1.4.8"]

1. e4 {[%clk 1:30:50]} c5 {[%clk 1:30:53]} 2. Nf3 {[%clk 1:31:15]} e6
{[%clk 1:31:17]} 3. d4 {[%clk 1:31:39]} cxd4 {[%clk 1:31:43]} 4. Nxd4
{[%clk 1:32:05]} Bc5 {[%clk 1:32:02]} 5. Nb3 {[%clk 1:17:10]} Bb6
{[%clk 1:32:06]} 6. Nc3 {[%clk 1:15:38]} Ne7 {[%clk 1:31:51]} 7. Bf4
{[%clk 1:12:56]} d5 {[%clk 1:31:53]} 8. Bd3 {[%clk 1:03:58]} Ng6 {[%clk 1:10:15]}
9. Bg3 {[%clk 1:03:40]} d4 {[%clk 1:09:47]} 10. Ne2 {[%clk 1:01:23]} e5
{[%clk 1:05:52]} 11. h4 {[%clk 0:59:26]} h5 {[%clk 1:01:20]} 12. Qd2
{[%clk 0:57:48]} O-O {[%clk 0:57:41]} 13. O-O-O {[%clk 0:56:26]} a5
{[%clk 0:55:06]} 14. c3 {[%clk 0:51:57]} a4 {[%clk 0:54:31]} 15. Na1
{[%clk 0:52:07]} dxc3 {[%clk 0:48:55]} 16. Nxc3 {[%clk 0:49:47]} a3
{[%clk 0:45:59]} 17. b4 {[%clk 0:44:53]} Nc6 {[%clk 0:44:33]} 18. Nd5
{[%clk 0:41:17]} Bd4 {[%clk 0:43:32]} 19. Nc2 {[%clk 0:39:06]} Bb2+
{[%clk 0:31:58]} 20. Kb1 {[%clk 0:39:01]} Be6 {[%clk 0:32:26]} 21. Bc4
{[%clk 0:36:46]} Nd4 {[%clk 0:29:40]} 22. Nxd4 {[%clk 0:34:30]} exd4
{[%clk 0:26:53]} 23. Qe2 {[%clk 0:28:02]} Rc8 {[%clk 0:24:35]} 24. Bb3
{[%clk 0:26:39]} Ne7 {[%clk 0:18:52]} 25. Qxh5 {[%clk 0:23:28]} Nxd5
{[%clk 0:19:17]} 26. exd5 {[%clk 0:21:45]} g6 {[%clk 0:18:58]} 27. Qf3
{[%clk 0:17:41]} Bf5+ {[%clk 0:19:13]} 28. Rd3 {[%clk 0:18:07]} Rc3
{[%clk 0:17:16]} 29. Rhd1 {[%clk 0:17:12]} Bxd3+ {[%clk 0:17:29]} 30. Rxd3
{[%clk 0:17:29]} Rc1# 0-1

[Event "MSRCH16"]
[Site "?"]
[Date "2026.04.14"]
[Round "6.7"]
[White "Sichnenko, Grigorij"]
[Black "Vavra, Martin"]
[Result "1-0"]
[BlackElo "1798"]
[WhiteElo "2062"]
[LiveChessVersion "1.4.8"]

1. d4 {[%clk 1:30:42]} b5 {[%clk 1:30:40]} 2. e4 {[%clk 1:29:38]} Bb7
{[%clk 1:31:05]} 3. Bxb5 {[%clk 1:28:05]} Bxe4 {[%clk 1:31:23]} 4. Nf3
{[%clk 1:27:23]} c6 {[%clk 1:28:11]} 5. Ba4 {[%clk 1:24:11]} Qa5+
{[%clk 1:24:55]} 6. Nc3 {[%clk 1:24:03]} Nf6 {[%clk 1:22:46]} 7. O-O
{[%clk 1:18:28]} e6 {[%clk 1:20:08]} 8. Nxe4 {[%clk 1:10:40]} Nxe4
{[%clk 1:20:06]} 9. c4 {[%clk 1:10:53]} Be7 {[%clk 1:11:55]} 10. Re1
{[%clk 1:06:08]} d5 {[%clk 1:11:16]} 11. Ne5 {[%clk 1:01:25]} Qc7
{[%clk 1:09:31]} 12. Bf4 {[%clk 0:56:40]} Bd6 {[%clk 1:05:03]} 13. c5
{[%clk 0:53:46]} Bxe5 {[%clk 1:05:25]} 14. Bxe5 {[%clk 0:54:09]} Qe7
{[%clk 1:02:30]} 15. f3 {[%clk 0:47:35]} Nf6 {[%clk 1:00:36]} 16. Qb3
{[%clk 0:44:29]} O-O {[%clk 1:00:15]} 17. Bd6 {[%clk 0:44:18]} 1-0

[Event "MSRCH16"]
[Site "?"]
[Date "2026.04.14"]
[Round "6.8"]
[White "Durovka, Marek"]
[Black "Klenko, David"]
[Result "1-0"]
[BlackElo "1783"]
[WhiteElo "2054"]
[LiveChessVersion "1.4.8"]

1. d4 {[%clk 1:30:51]} e6 {[%clk 1:29:56]} 2. c4 {[%clk 1:30:47]} d5
{[%clk 1:30:19]} 3. Nc3 {[%clk 1:31:00]} Nf6 {[%clk 1:30:15]} 4. cxd5
{[%clk 1:31:22]} exd5 {[%clk 1:30:26]} 5. Bg5 {[%clk 1:31:43]} Be7
{[%clk 1:29:41]} 6. e3 {[%clk 1:32:05]} Bf5 {[%clk 1:28:24]} 7. Bxf6
{[%clk 1:29:48]} Bxf6 {[%clk 1:28:34]} 8. Qb3 {[%clk 1:30:09]} c6
{[%clk 1:17:28]} 9. Qxb7 {[%clk 1:30:02]} Bc8 {[%clk 1:16:48]} 10. Qxa8
{[%clk 1:00:46]} Qb6 {[%clk 0:51:01]} 11. Nb5 {[%clk 0:59:23]} Qa5+
{[%clk 0:28:30]} 12. Kd1 {[%clk 0:59:06]} O-O {[%clk 0:27:51]} 13. Qxa7
{[%clk 0:58:20]} Ba6 {[%clk 0:16:46]} 14. Qc5 {[%clk 0:31:51]} cxb5
{[%clk 0:12:50]} 15. Ne2 {[%clk 0:29:37]} Nd7 {[%clk 0:08:26]} 16. Qa3
{[%clk 0:27:11]} Qb6 {[%clk 0:08:14]} 17. Nc3 {[%clk 0:26:02]} Qb7
{[%clk 0:07:44]} 18. Qb3 {[%clk 0:25:48]} b4 {[%clk 0:01:26]} 19. Bxa6
{[%clk 0:25:49]} Qxa6 {[%clk 0:01:55]} 20. Nxd5 {[%clk 0:26:02]} 1-0

[Event "MSRCH16"]
[Site "?"]
[Date "2026.04.14"]
[Round "6.9"]
[White "Kosut, Simon"]
[Black "Boros, David"]
[Result "1/2-1/2"]
[BlackElo "1966"]
[WhiteElo "1603"]
[LiveChessVersion "1.4.8"]

1. e4 {[%clk 1:30:58]} Nf6 {[%clk 1:30:54]} 2. Nc3 {[%clk 1:30:45]} d5
{[%clk 1:31:17]} 3. e5 {[%clk 1:27:47]} Nfd7 {[%clk 1:31:40]} 4. d4
{[%clk 1:28:08]} c5 {[%clk 1:32:00]} 5. Be3 {[%clk 1:18:54]} e6 {[%clk 1:30:42]}
6. Nf3 {[%clk 1:17:30]} Nc6 {[%clk 1:30:16]} 7. Bb5 {[%clk 1:15:42]} cxd4
{[%clk 1:23:28]} 8. Bxd4 {[%clk 1:15:25]} a6 {[%clk 1:23:12]} 9. Bxc6
{[%clk 1:10:48]} bxc6 {[%clk 1:22:42]} 10. Ne2 Be7 {[%clk 1:18:34]} 11. b3
{[%clk 1:04:50]} c5 {[%clk 1:16:04]} 12. Bb2 {[%clk 1:03:10]} a5 {[%clk 1:12:51]}
13. Nd2 f6 {[%clk 1:06:01]} 14. exf6 {[%clk 0:54:37]} Bxf6 {[%clk 1:06:10]} 15.
Bxf6 {[%clk 0:55:03]} Qxf6 {[%clk 1:04:38]} 16. O-O {[%clk 0:55:08]} O-O
{[%clk 1:02:15]} 17. Nf3 {[%clk 0:52:19]} Bb7 {[%clk 0:59:22]} 18. Ng3
{[%clk 0:45:11]} Nb6 {[%clk 0:48:10]} 19. Qd2 {[%clk 0:38:05]} e5
{[%clk 0:41:29]} 20. Qg5 {[%clk 0:35:00]} e4 {[%clk 0:37:29]} 21. Qxf6
{[%clk 0:34:22]} gxf6 {[%clk 0:37:48]} 22. Nh4 {[%clk 0:34:42]} Rfe8
{[%clk 0:34:22]} 23. Rfe1 {[%clk 0:33:16]} Re5 {[%clk 0:31:35]} 24. Rad1
{[%clk 0:28:31]} Rae8 {[%clk 0:26:37]} 25. Ngf5 {[%clk 0:25:38]} Nc8
{[%clk 0:21:28]} 26. c3 {[%clk 0:20:04]} Ne7 {[%clk 0:19:50]} 27. Nd6
{[%clk 0:20:21]} Rb8 {[%clk 0:20:17]} 28. f4 {[%clk 0:20:36]} Re6
{[%clk 0:18:50]} 29. Nxb7 {[%clk 0:19:02]} Rxb7 {[%clk 0:19:16]} 30. g4
{[%clk 0:19:19]} Rd7 {[%clk 0:16:46]} 31. Kf2 {[%clk 0:18:45]} Nc6
{[%clk 0:14:45]} 32. Nf5 {[%clk 0:18:36]} d4 {[%clk 0:12:48]} 33. h4
{[%clk 0:14:20]} Re8 {[%clk 0:10:56]} 34. h5 {[%clk 0:11:54]} Rdd8
{[%clk 0:06:41]} 35. Rc1 {[%clk 0:07:22]} dxc3 {[%clk 0:03:59]} 36. Rxc3
{[%clk 0:07:48]} Nb4 {[%clk 0:04:09]} 37. Kg3 {[%clk 0:06:14]} Rd3+
{[%clk 0:01:22]} 38. Rxd3 {[%clk 0:06:32]} Nxd3 {[%clk 0:01:43]} 39. Re3
{[%clk 0:05:23]} Re6 {[%clk 0:01:52]} 40. Nh6+ {[%clk 0:01:52]} Kg7
{[%clk 0:01:33]} 41. Nf5+ {[%clk 0:02:18]} Kf8 {[%clk 0:30:09]} 42. Re2
{[%clk 0:27:44]} Nc1 {[%clk 0:27:16]} 43. Rc2 {[%clk 0:27:56]} Nd3
{[%clk 0:27:16]} 44. Re2 {[%clk 0:28:03]} a4 {[%clk 0:23:37]} 45. bxa4
{[%clk 0:25:48]} c4 {[%clk 0:23:36]} 46. Nd4 {[%clk 0:23:50]} Rd6
{[%clk 0:24:01]} 47. Nf5 {[%clk 0:15:59]} Re6 {[%clk 0:16:01]} 48. Nd4
{[%clk 0:16:24]} 1/2-1/2

[Event "MSRCH16"]
[Site "?"]
[Date "2026.04.14"]
[Round "6.10"]
[White "Pauko, Sebastian"]
[Black "Nevicky, Nikola"]
[Result "1-0"]
[BlackElo "1974"]
[WhiteElo "1726"]
[LiveChessVersion "1.4.8"]

1. d4 {[%clk 1:30:51]} d5 {[%clk 1:30:54]} 2. Bf4 {[%clk 1:31:15]} c5
{[%clk 1:30:52]} 3. dxc5 {[%clk 1:30:27]} Nc6 {[%clk 1:30:49]} 4. e3
{[%clk 1:30:20]} e5 {[%clk 1:30:21]} 5. Bg3 {[%clk 1:30:43]} Bxc5
{[%clk 1:30:24]} 6. Bb5 {[%clk 1:30:43]} Qa5+ {[%clk 1:05:10]} 7. Nc3
{[%clk 1:30:17]} d4 {[%clk 1:02:44]} 8. Bxe5 {[%clk 1:21:32]} dxc3
{[%clk 0:58:53]} 9. Bxc6+ {[%clk 1:20:12]} bxc6 {[%clk 0:59:02]} 10. b4
{[%clk 1:20:12]} Bxb4 {[%clk 0:58:45]} 11. Bxg7 {[%clk 1:20:19]} Qg5
{[%clk 0:49:33]} 12. Bxh8 {[%clk 1:20:04]} f6 {[%clk 0:44:00]} 13. Nf3
{[%clk 1:07:42]} Qg6 {[%clk 0:40:20]} 14. Nh4 {[%clk 0:57:03]} Qg5
{[%clk 0:32:24]} 15. Qd4 {[%clk 0:55:21]} Be7 {[%clk 0:32:38]} 16. O-O
{[%clk 0:46:47]} Bg4 {[%clk 0:28:52]} 17. Qe4 {[%clk 0:41:04]} Qxh4
{[%clk 0:07:18]} 18. Qxc6+ {[%clk 0:40:34]} Kf7 {[%clk 0:07:36]} 19. Qxa8
{[%clk 0:39:34]} Bf5 {[%clk 0:07:51]} 20. Qd5+ {[%clk 0:37:18]} Be6
{[%clk 0:07:57]} 21. Qd4 {[%clk 0:35:12]} Qg5 {[%clk 0:07:44]} 22. Qxc3
{[%clk 0:28:39]} Bd5 {[%clk 0:07:41]} 23. f3 {[%clk 0:28:36]} Bd6
{[%clk 0:07:58]} 24. Rab1 {[%clk 0:19:20]} Qh4 {[%clk 0:06:58]} 25. h3
{[%clk 0:16:11]} Qg3 {[%clk 0:06:53]} 26. Qd3 {[%clk 0:11:26]} Qh2+
{[%clk 0:05:56]} 27. Kf2 {[%clk 0:11:53]} Bg3+ {[%clk 0:06:06]} 28. Ke2
{[%clk 0:11:59]} Qxg2+ {[%clk 0:06:24]} 29. Kd1 {[%clk 0:11:30]} Bxf3+
{[%clk 0:06:06]} 30. Kc1 {[%clk 0:11:01]} Ne7 31. Qxh7+ {[%clk 0:09:02]} Ke6
{[%clk 0:04:26]} 32. Qd3 {[%clk 0:07:50]} Be5 {[%clk 0:03:26]} 33. Qc4+
{[%clk 0:04:36]} Bd5 {[%clk 0:03:45]} 34. Qa6+ {[%clk 0:04:29]} Nc6
{[%clk 0:03:52]} 35. Qc8+ {[%clk 0:04:14]} Kd6 {[%clk 0:03:50]} 36. Qf8+
{[%clk 0:03:47]} Ne7 {[%clk 0:03:16]} 37. Rxf6+ {[%clk 0:02:37]} Kd7
{[%clk 0:03:28]} 38. Rf1 {[%clk 0:01:20]} Bxh8 {[%clk 0:02:53]} 39. Rd1
{[%clk 0:01:14]} Be5 {[%clk 0:02:38]} 40. Rb7+ {[%clk 0:01:21]} Bc7
{[%clk 0:01:00]} 41. Rxc7+ {[%clk 0:00:43]} Kxc7 {[%clk 0:01:25]} 42. Qxe7+
{[%clk 0:01:03]} Kc6 {[%clk 0:30:07]} 43. Qf6+ {[%clk 0:29:25]} Kb7
{[%clk 0:27:13]} 44. c4 {[%clk 0:26:15]} Bc6 {[%clk 0:27:34]} 45. Qb2+
{[%clk 0:26:36]} 1-0

[Event "MSRCH16"]
[Site "?"]
[Date "2026.04.14"]
[Round "6.11"]
[White "Kostov, Rubin"]
[Black "Sekera, Timotej"]
[Result "0-1"]
[BlackElo "1916"]
[WhiteElo "1702"]
[LiveChessVersion "1.4.8"]

1. c4 {[%clk 1:30:46]} f5 {[%clk 1:30:51]} 2. Nc3 {[%clk 1:31:08]} Nf6
{[%clk 1:31:12]} 3. d4 {[%clk 1:31:07]} e6 {[%clk 1:31:10]} 4. Bf4
{[%clk 1:31:10]} Bb4 {[%clk 1:30:39]} 5. Qb3 {[%clk 1:30:17]} Bxc3+
{[%clk 1:29:27]} 6. Qxc3 {[%clk 1:30:02]} b6 {[%clk 1:29:45]} 7. Nf3
{[%clk 1:30:15]} Bb7 {[%clk 1:29:35]} 8. g3 {[%clk 1:27:07]} d6 {[%clk 1:26:42]}
9. Bg2 {[%clk 1:26:06]} Nbd7 {[%clk 1:26:52]} 10. O-O {[%clk 1:25:48]} Qe7
{[%clk 1:26:38]} 11. Rfd1 {[%clk 1:25:21]} Ne4 {[%clk 1:23:21]} 12. Qc1
{[%clk 1:22:59]} O-O-O {[%clk 1:19:35]} 13. Nd2 {[%clk 1:23:04]} g5
{[%clk 1:17:04]} 14. Be3 {[%clk 1:18:06]} Nxd2 {[%clk 1:15:57]} 15. Bxb7+
{[%clk 1:17:20]} Kxb7 {[%clk 1:16:17]} 16. Qxd2 {[%clk 1:17:32]} Rhg8
{[%clk 1:06:21]} 17. Qb4 {[%clk 1:11:36]} f4 {[%clk 1:03:50]} 18. Bd2
{[%clk 1:11:53]} Qf6 {[%clk 0:58:07]} 19. Bc3 {[%clk 1:08:30]} fxg3
{[%clk 0:56:58]} 20. hxg3 {[%clk 1:01:01]} Rdf8 {[%clk 0:56:08]} 21. Rf1
{[%clk 1:00:48]} Qf5 {[%clk 0:43:24]} 22. f3 {[%clk 0:51:22]} g4 {[%clk 0:34:15]}
23. Be1 {[%clk 0:45:19]} gxf3 {[%clk 0:31:25]} 24. exf3 {[%clk 0:45:40]} Nf6
{[%clk 0:29:07]} 25. Qd2 {[%clk 0:40:13]} h5 {[%clk 0:28:48]} 26. Qg2
{[%clk 0:35:57]} Qd3 {[%clk 0:27:06]} 27. b3 {[%clk 0:33:03]} h4 {[%clk 0:22:34]}
28. g4 {[%clk 0:33:03]} h3 {[%clk 0:22:32]} 29. Qh1 {[%clk 0:31:31]} h2+
{[%clk 0:22:08]} 30. Kg2 {[%clk 0:27:01]} Nxg4 {[%clk 0:21:21]} 31. fxg4
{[%clk 0:27:18]} Qxf1+ {[%clk 0:21:41]} 0-1